Emojis de nourriture (quiz complet) - Statistiques

Statistiques générales
  • Ce quiz a été pris 410 fois
  • Le résultat moyen est 42 sur 124
Statistiques - réponses
Hint % Correct
🍎 Pomme
100%
🥝 Kiwi
96%
🍐 Poire
95%
🍍 Ananas
93%
🍋 Citron
92%
🍓 Fraise
92%
🥥 Noix de coco
92%
🍊 Orange
91%
🍑 Pêche
91%
🍌 Banane
90%
🍉 Pastèque
90%
🍇 Raisin
89%
🍆 Aubergine
88%
🥑 Avocat
85%
🥭 Mangue
85%
🍅 Tomate
82%
🥕 Carotte
80%
🍋‍🟩 Citron vert
78%
🌽 Maïs
78%
🍏 Pomme verte
78%
🧄 Ail
76%
🧅 Oignon
75%
🌶️ Piment
74%
🥦 Brocoli
73%
🍒 Cerises
73%
🍞 Pain
72%
🥔 Pomme de terre
69%
🥛 Lait
68%
🍈 Melon
68%
🫒 Olive
67%
🫑 Poivron
66%
🥖 Baguette
64%
🫘 Haricots
58%
🥚 Œuf
58%
🥒 Concombre
57%
🧀 Fromage
56%
🫐 Myrtilles
54%
🧂 Sel
53%
🍠 Patate douce
51%
🥨 Bretzel
50%
🥐 Croissant
50%
🌰 Châtaigne
48%
🥜 Cacahuète
46%
🍚 Riz
45%
🥗 Salade
44%
🧈 Beurre
41%
🫛 Petits pois
36%
🍣 Sushi
36%
🍳 Œuf au plat
34%
🥞 Pancake
31%
🐟 Poisson
30%
🧇 Gaufre
29%
🥬 Laitue
28%
🦐 Crevette
26%
🍩 Donut
25%
🍜 Nouilles
25%
🍖 Viande
24%
🍙 Onigiri
21%
🥯 Bagel
19%
🦀 Crabe
19%
🍨 Glace
18%
🦞 Homard
16%
🍝 Spaghettis
16%
🍿 Popcorn
13%
🌱 Pousse
13%
🌮 Taco
13%
🍗 Poulet
12%
🥩 Steak
12%
🍭 Sucette
12%
🍷 Vin
12%
🍪 Cookie
11%
🍰 Gâteau
11%
🍕 Pizza
11%
🦑 Calamar
10%
🍫 Chocolat
10%
🍼 Biberon
9%
🍬 Bonbon
9%
Café
9%
🍔 Hamburger
9%
🥣 Bol
8%
🌭 Hot-dog
8%
🧃 Jus
8%
🍯 Miel
8%
🥪 Sandwich
8%
🍵 Thé
8%
🍺 Bière
7%
🔪 Couteau
7%
🥂 Champagne
6%
🥄 Cuillère
6%
🍮 Flan
6%
🥧 Tarte
6%
🥓 Bacon
5%
🌯 Burrito
5%
🥙 Wrap
5%
🍽️ Assiette
4%
🧊 Glaçon
4%
🥘 Paëlla
4%
🥤 Soda
4%
🥢 Baguettes
3%
🍱 Bento
3%
🍢 Brochette
3%
🧁 Cupcakes
2%
🍛 Curry
2%
🫕 Fondue
2%
🫓 Pain plat
2%
🍲 Ragoût
2%
🥃 Whisky
2%
🍤 Beignet de crevette
1%
🍥 Gâteau de poisson
1%
🍘 Biscuit de riz
0%
🥡 Boite à emporter
0%
🍸 Cocktails
0%
🥫 Conserve
0%
🍡 Django
0%
🎂 Gâteau d'anniversaire
0%
🍦 Glace à l'italienne
0%
🍧 Granité
0%
🍶 Saké
0%
🍜 Soupe de nouilles
0%
🫔 Tamal
0%
🫖 Théière
0%
Aucun quiz correspondant
Distribution des résultats
% des personnes avec chaque résultat
Percentile par nombre de réponses
Votre historique - résultats
Vous n’avez pas pris ce quiz